000 00796nam a2200241 4500
005 20250516104526.0
008 250516b |||||||| |||| 00| 0 eng d
020 _a978-1-032-78107-5 (hbk)
037 _cTB
040 _aCRL
_cCRL
041 _2eng
_aeng
084 _aY:435:67.2 R4
_qCRL
100 _aPandey, Rajendra K.
_9784725
245 _aDisaster Management in India:
_bPolicies, Institutions, Practices
260 _aLondon, UK:
_bRoutledge,
_c2024.
300 _avi, 330p.
365 _b1595.00
_cINR
650 _aDisasters
_9784726
650 _aSociology
_9784727
650 _aManagement
_9784728
942 _2CC
_cTB
_hY:435:67.2 R4
_n0
999 _c1400994
_d1400994